Felruházás

Správa o každoročnej akcii Spolku židovských žien v Humennom, ktorá sa zaoberala ošatením chudobných žiakov židovskej školy. Akcia sa uskutočnila v januári 1914.

Podrobná bibliografia
Médium: Článok
Jazyk:Hungarian
Témy:
Zdroj: 1. Felvidéki Hirlap 1. Roč. 7, č. 4 (25.01.1914) s. 2
LEADER 00939nab#a2200313#ar4500
001 000074411
003 SVKKK
005 20041207xxxxxxx.
008 06 c xo huno
FMT
038 |a SVKKK 
040 |a SVKKK  |b slo  |e AACR2 
041 0 |a hun 
044 |a xo  |c SK 
080 |a 296:061.2 
242 1 0 |a Ošatenie 
245 0 0 |a Felruházás 
500 |a mikrofilm 
520 2 |a Správa o každoročnej akcii Spolku židovských žien v Humennom, ktorá sa zaoberala ošatením chudobných žiakov židovskej školy. Akcia sa uskutočnila v januári 1914. 
650 0 4 |a Humenský dobročinný spolok židovských žien - odievanie chudobných žiakov (akcia) - Humenné - január 1914 - správy 
773 0 |t Felvidéki Hirlap  |g Roč. 7, č. 4 (25.01.1914) s. 2 
957 |a Humenné 
958 |a CI 
958 |a DG 
958 |a SK 
974 |a Ba  |d 20041207 
992 |a RBX 
BAS
998 |a RETRO